| 000 | 00736nam a2200181 i 4500 | ||
|---|---|---|---|
| 001 | 188582 | ||
| 003 | ES-MaACL | ||
| 005 | 20251004063230.0 | ||
| 008 | 190102s1942 sp |||| | spa d | ||
| 100 | 1 |
_aArco y Garay, Ricardo del, _d1888-1955 _922507 |
|
| 245 | 1 | 0 |
_aCatálogo monumental de España. _pHuesca / _cpor Ricardo del Arco y Garay. |
| 260 |
_aMadrid : _bConsejo Superior de Investigaciones Científicas, Instituto Diego Velázquez, _c1942. |
||
| 300 |
_a2 v. : _bil. ; _c25 cm. |
||
| 505 | 8 | _aContiene: [1. Texto] (444 p., 1 h. pleg.) -- [2. Láminas] (419 p. de lám.) | |
| 650 | 4 |
_aPatrimonio cultural- _zHuesca (Provincia)- _vInventarios. _9157610 |
|
| 852 |
_aES-MaACL _jP-201-14-15 |
||
| 999 |
_c188582 _d188582 |
||